| 000 | 00881cam a2200193 4500 | ||
|---|---|---|---|
| 001 | X104545 | ||
| 008 | 000000n2000 000 0 eng u | ||
| 035 | _a(Sirsi) u104545 | ||
| 245 | _aCriminal liability | ||
| 260 | _c2000 | ||
| 490 |
_aEstates Gazette Case Summaries _v[2000] EGCS 25 (1) |
||
| 520 | _a"In the matter of Rhondda Waste Disposal Ltd (in administration)" CA 10 February 2000. Company operating landfill site under licence - Environment Agency modifying licence and imposing conditions - alleged failure to comply - Agency laying information - administrator appointed over company - whether leave required for commencement of criminal proceedings - whether leave correctly refused. | ||
| 650 | _aRHONDDA WASTE DISPOSAL LTD | ||
| 650 | _aPOLLUTION | ||
| 650 | _aCRIMINAL LIABILITY | ||
| 650 | _aLANDFILL SITES | ||
| 690 | _aENVIRONMENT-CASE LAW | ||
| 942 | _n0 | ||
| 999 |
_c62733 _d62733 |
||